| 000 | 03217nam a22002537a 4500 | ||
|---|---|---|---|
| 003 | Uzh_bibl | ||
| 008 | 260513b |||||||| |||| 00| 0 ukr d | ||
| 020 |
_a978-966-2669-76-3 _c140.00 |
||
| 040 | _bукр. | ||
| 041 |
_2ukr _aukr |
||
| 080 | _a821(477) | ||
| 090 |
_a821(477) _bШ 78 |
||
| 100 | _aШовкошитний, Володимир | ||
| 245 |
_aКров-свята _hТекст |
||
| 260 |
_aКиїв _bУкраїнський пріоритет _c2015 |
||
| 300 |
_a864 с. _fВ опр. |
||
| 520 | _aЕпопея-трилогія знаного українського письменника й державника Володимира Шовкошитного «Кров — свята» неначе скидає з нашої історії шкаралущу ворожих міфів і являє читачеві храм української державності вже без риштувань. А заодно і вказує шлях очищення колективної пам'яті через її звільнення від намулу малоросійства й меншовартості, через прищеплення українському суспільству гену гідності й самоповаги та психології переможців. Це наш український аналог «Війни і миру» чи «Тихого Дону». Дуже український. І дуже європейський. Автор ніби застерігає нас з вами, європейців: якщо течія Гольфстриму уповільниться — на нашу Європу чекають люті морози, а весь світ ніколи вже не буде таким затишним для життя.<br/><br/>Скільки б не з'являлося цікаво-доказових історичних досліджень, зрушення у колективній пам'яті здатна спричинити лише уґрунтована на мітології белетристика. Для такого зрушення замало кількох вершинних творів, а тим більше відверто попсової пригодницької писанини на задану тему. Аби переламати спресовану десятиліттями ситуацію брехні чи напівправди в умовах браку часу на їхнє масове осмислення повинен з'явитися твір, котрий замикає увесь ланцюг поодиноких фактів у структуру цілого феномену. Саме таким виглядає історична епопея Володимира Шовкошитного, трилогія «Кров — свята». | ||
| 521 | _aДля широкого кола читачів | ||
| 546 | _aукр. | ||
| 650 | _aЛітературно-художнє видання | ||
| 653 |
_aМіфи _aІсторія |
||
| 655 |
_aІсторична література _vІсторична трилогія |
||
| 942 |
_2udc _cBK |
||
| 999 |
_c17742 _d17742 |
||